Realizace hospodářské politiky v loňském roce a na počátku roku 1991.
Postupné využívanie niektorých nástrojov monetárnej politiky. Reštriktívna politika ako určujúca črta väčšiny rozhodnutí vlády v sociálno-ekonomickej oblasti. Akcentovanie sociálnych aspektov rozvoja. Charakteristika vývoja v minulom roku, rastu zadlženosti, spotrebiteľských cien, vývoja spoločenské...
Saved in:
| Main Author: | |
|---|---|
| Format: | Book Chapter |
| Language: | Czech |
| Subjects: | |
| Tags: |
No Tags, Be the first to tag this record!
|
MARC
| LEADER | 00000naa a2200000 4500 | ||
|---|---|---|---|
| 001 | r004000 | ||
| 005 | 20221125080704.0 | ||
| 041 | 0 | |a cze | |
| 044 | |a [CS] | ||
| 245 | 1 | 0 | |a Realizace hospodářské politiky v loňském roce a na počátku roku 1991. |c J. Šulc |
| 520 | |a Postupné využívanie niektorých nástrojov monetárnej politiky. Reštriktívna politika ako určujúca črta väčšiny rozhodnutí vlády v sociálno-ekonomickej oblasti. Akcentovanie sociálnych aspektov rozvoja. Charakteristika vývoja v minulom roku, rastu zadlženosti, spotrebiteľských cien, vývoja spoločenského produktu, obmedzenia vonkajšieho dopytu po čs. tovaroch, narastajúceho rozporu medzi tvorbou a použitím zdrojov a alokácie prírastku zdrojov. | ||
| 610 | 2 | 0 | |a politika hospodárska |
| 610 | 2 | 0 | |a ČSFR |
| 610 | 2 | 0 | |a 1990-1991 |
| 610 | 2 | 0 | |a rozvoj hospodársky |
| 610 | 2 | 0 | |a reformy hospodárske |
| 100 | 1 | |a Šulc, Jaroslav | |